Проза. Поэзия. Сценарии; В трех томах с рисунками автора

Bibliografski detalji
Parent link:В трех томах с рисунками автора: Пер. с фр/ Ж. Кокто. Т. 1
Glavni autor: Кокто Жан
Jezik:ruski
Izdano: Москва, Аграф, 2001
Teme:
Format: Knjiga
KOHA link:https://koha.lib.tpu.ru/cgi-bin/koha/opac-detail.pl?biblionumber=30855

MARC

LEADER 00000nam0a2200000 4500
001 30855
005 20231030204149.0
010 |a 5778401140 
035 |a (RuTPU)RU\TPU\book\31130 
035 |a BOOK00000061 
090 |a 30855 
100 |a 20011209d2001 u y0rusy50 ca 
101 0 |a rus 
102 |a RU 
105 |a a 000ay 
200 1 |a Проза. Поэзия. Сценарии 
210 |a Москва  |c Аграф  |d 2001 
215 |a 448 с.  |c ил. 
327 0 |a Содерж.: Проза: Двойной шпагат; Ужасные дети; Белая книга: Романы. 
461 |t В трех томах с рисунками автора  |o Пер. с фр  |f Ж. Кокто  |v Т. 1 
610 1 |a Франция 
610 1 |a литература 
610 1 |a драматургия 
610 1 |a критика 
610 1 |a искусство 
610 1 |a живопись 
610 1 |a сценография 
610 1 |a карикатура 
610 1 |a фрески 
610 1 |a проза 
610 1 |a лирика 
610 1 |a стихи 
610 1 |a сценарии 
610 1 |a киносценарии 
675 |a 84  |v 3 
700 1 |a Кокто  |g Жан 
801 0 |a RU  |b 63413507  |c 20011209  |g PSBO 
942 |c BK